Formel 1 Weltmeister nach heutigem Punktesystem - Statistiken

Allgemein
  • Dieses Quiz wurde 680 mal gespielt
    232 seit der letzten Aktualisierung
  • Das Durchschnittsergebnis liegt bei 62 aus 75
Antwortstatistiken
Jahr Nationalität Antwort % Korrekt
2024 Niederlande Max Verstappen
100%
2023 Niederlande Max Verstappen
100%
2022 Niederlande Max Verstappen
100%
2021 Niederlande Max Verstappen
100%
2013 Deutschland Sebastian Vettel
100%
2012 Deutschland Sebastian Vettel
100%
2011 Deutschland Sebastian Vettel
100%
2010 Deutschland Sebastian Vettel
100%
2020 Großbritannien Lewis Hamilton
99%
2019 Großbritannien Lewis Hamilton
99%
2018 Großbritannien Lewis Hamilton
99%
2017 Großbritannien Lewis Hamilton
99%
2015 Großbritannien Lewis Hamilton
99%
2014 Großbritannien Lewis Hamilton
99%
2008 Großbritannien Lewis Hamilton
99%
2006 Spanien Fernando Alonso
98%
2005 Spanien Fernando Alonso
98%
2004 Deutschland Michael Schumacher
98%
2003 Deutschland Michael Schumacher
98%
2002 Deutschland Michael Schumacher
98%
2001 Deutschland Michael Schumacher
98%
2000 Deutschland Michael Schumacher
98%
1995 Deutschland Michael Schumacher
98%
2016 Deutschland Nico Rosberg
98%
1982 Finnland Keke Rosberg
97%
1991 Brasilien Ayrton Senna
96%
1990 Brasilien Ayrton Senna
96%
2009 Großbritannien Jenson Button
94%
2007 Finnland Kimi Räikkönen
94%
1993 Frankreich Alain Prost
92%
1989 Frankreich Alain Prost
92%
1988 Frankreich Alain Prost
92%
1986 Frankreich Alain Prost
92%
1985 Frankreich Alain Prost
92%
1984 Frankreich Alain Prost
92%
1977 Österreich Niki Lauda
90%
1976 Österreich Niki Lauda
90%
1975 Österreich Niki Lauda
90%
1998 Finnland Mika Häkkinen
88%
1996 Großbritannien Damon Hill
83%
1994 Großbritannien Damon Hill
83%
1968 Großbritannien Graham Hill
83%
1964 Großbritannien Graham Hill
83%
1962 Großbritannien Graham Hill
83%
1961 USA Phil Hill
83%
1997 Kanada Jacques Villeneuve
82%
1957 Argentinien Juan Manuel Fangio
79%
1956 Argentinien Juan Manuel Fangio
79%
1955 Argentinien Juan Manuel Fangio
79%
1954 Argentinien Juan Manuel Fangio
79%
1951 Argentinien Juan Manuel Fangio
79%
1992 Großbritannien Nigel Mansell
79%
1987 Brasilien Nelson Piquet
74%
1983 Brasilien Nelson Piquet
74%
1981 Brasilien Nelson Piquet
74%
1953 Italien Alberto Ascari
70%
1952 Italien Alberto Ascari
70%
1970 Österreich Jochen Rindt
65%
1974 Brasilien Emerson Fittipaldi
63%
1972 Brasilien Emerson Fittipaldi
63%
1950 Italien Giuseppe Farina
63%
1979 Südafrika Jody Scheckter
62%
1978 USA Mario Andretti
60%
1973 Großbritannien Jackie Stewart
59%
1971 Großbritannien Jackie Stewart
59%
1969 Großbritannien Jackie Stewart
59%
1966 Australien Jack Brabham
58%
1960 Australien Jack Brabham
58%
1959 Australien Jack Brabham
58%
1999 Großbritannien Eddie Irvine
56%
1965 Großbritannien Jim Clark
55%
1963 Großbritannien Jim Clark
55%
1980 Australien Alan Jones
51%
1967 Neuseeland Denny Hulme
48%
1958 Großbritannien Mike Hawthorn
48%
Keine übereinstimmenden Quizze gefunden
Verteilung der Resultate
Anzahl Personen mit jedem Resultat
Perzentil nach korrekt beantworteten Fragen
Ihre Resultats-Entwicklung
Sie haben dieses Quiz seit der letzten Aktualisierung nicht gespielt